Countries That Border Belarus - Statistics

General Stats
  • This quiz has been taken 105 times
  • The average score is 5 of 5
Answer Stats
Answer % Correct
Ukraine
100%
Russia
99%
Poland
98%
Lithuania
97%
Latvia
93%
No matching quizzes found
Score Distribution
Percent of People with Each Score
Percentile by Number Answered
Your Score History
You have not taken this quiz